000 00652nam a22002177a 4500
003 OSt
005 20150728224421.0
008 150728s2014 enka g 001 0 eng d
020 _a9781292020761
040 _aMa-un
_bara
082 0 4 _223
_a530
_bG D P
100 1 _aGiancoli, Douglas C.
_949596
245 1 0 _aPhysics for scientists & engineers with modern physics /
_cDouglas C. Giancoli.
250 _a4th ed, international edition.
260 _aHarlow, Essex :
_bPearson,
_c2014.
300 _avi, 1426 p. :
_bill. ;
_c28 cm.
490 0 _aPearson custom library
500 _a Includes index.
650 4 _aPhysics
_949597
942 _2ddc
_cBOOK
999 _c37740
_d272240